000
00312nam a2200145Ia 4500
100
_a
Deitel/ H.M.
250
_a
3
942
_c
BK
654
_a
C++
245
_a
C How to program :Introducting C++ and Java
260
_b
Pearson Education
_c
2001
082
_a
5.1
_b
DEI
300
_a
1253
546
_a
ENGLISH
999
_c
31141
_d
31141